000 01445cad a22002535a 4500
001 E149416
008 100304e20100303xxkb f s000 0 eng d
035 _a(Sirsi) u149416
041 0 _aeng
050 0 4 _a306.1 $2 18
100 1 _aBurgess, Lizzy
245 0 0 _aHousing (Scotland) Bill
_h[electronic resource]
260 _aEdinburgh
_bScottish Parliament
_c2010
490 0 _aSPICe Briefing
_v(10/19) 3 March 2010
505 2 _aExecutive summary -- Background -- Social rented housing -- Regulation -- Right to buy -- Private sector housing -- Scheme of assistance -- Miscellaneous -- Supplementary and final provisions -- Costs -- Sources -- Related briefings
520 _aGives an introduction to the Housing (Scotland) Bill which was introduced to Parliament on 13 January 2010 and which seeks to update social housing regulation, make changes to the right to buy system, change legislation relating to private sector housing, give protection to unauthorised tenants, and alter the definition of "local connection". For the Bill itself, see E149126.
521 _aAdvanced
590 _aKA
650 2 4 _aHOUSING (SCOTLAND) BILL
651 4 _aScotland
_y1999-
690 _aPROPERTY-RESIDENTIAL PROPERTY-DOMESTIC RESIDENTIAL PROPERTY-HOUSING
856 4 0 _uhttps://www.scottish.parliament.uk/business/research/briefings-10/SB10-19.pdf
_zView the briefing free of charge (PDF file) at www.scottish.parliament.uk...
942 _n0
999 _c110493
_d110493